¿Por qué tienes la boca tan grande? (Registro nro. 17843)

Detalles MARC
000 -LDR (LÍDER)
Campo de control de longitud fija 01632nam a2200325 a 4500
003 - IDENTIFICADOR DEL NÚMERO DE CONTROL
Campo de control CO-PeBPR
005 - FECHA Y HORA DE LA ÚLTIMA TRANSACCIÓN
Campo de control 20260501135913.0
008 - ELEMENTOS DE DATOS DE LONGITUD FIJA--INFORMACIÓN GENERAL
Campo de control de longitud fija 260415e2024 ck a|||| n||| 00| 0 spa c
020 ## - Código Internacional normalizado para libros
Código Internacional normalizado para libros 9789580716921
040 0# - FUENTE DE CATALOGACIÓN
Agencia catalogadora original CO-PeBPR
Idioma de la agencia catalogadora spa
Agencia que transcribe CO-PeBPR
Norma para la descripción rda
041 0# - Código del Idioma
Código idioma del recurso original spa
082 04 - NÚMERO DE CLASIFICACIÓN DECIMAL DEWEY
Número de clasificación (i) Br869.3 F866p
100 1# - ASIENTO PRINCIPAL--NOMBRE PERSONAL
Nombre personal Freitas, Tino
Términos de relación autor
245 10 - MENCIÓN DE TÍTULO
Título propiamente dicho ¿Por qué tienes la boca tan grande?
Mención de responsabilidad / Tino Freitas ; ilustraciones de Raquel Matsushita
250 ## - MENCIÓN DE EDICIÓN
Mención de edición Edición especial
264 #1 - Área de la Producción Publicación, Distribución, Manufactura, etc.
Lugar de publicación, distribución, etc. Bogotá, Colombia
Nombre de la editorial, distribuidor, etc. : Susaeta
Fecha de publicación, distribución, etc. , 2024
300 ## - DESCRIPCIÓN FÍSICA
Extensión [46] páginas sin enumerar
Otros detalles físicos : ilustraciones a color
Dimensiones ; 22 centímetros
336 ## - Tipo de Contenido
Tipo de contenido texto
Código de tipo de contenido txt
Fuente rdacontenido
337 ## - Tipo de Medio
Tipo de Medio sin mediación
Código de tipo de medio n
Fuente rdamedio
338 ## - Tipo de Soporte
Tipo de soporte volumen
Código de tipo de soporte nc
Fuente rdasoporte
490 ## - MENCIÓN DE SERIE
Título de la serie Plan Nacional de Lectura, Escritura y Oralidad / Ministerio de las Culturas, las Artes y los Saberes.
500 ## - NOTA GENERAL
Nota general Contiene datos biográficos del autor y la ilustradora.
520 ## - NOTA DE RESUMEN, ETC.
Nota de sumario Érase una vez una niña que iba por el bosque camino a la casa de su abuelita. En el bosque había un lobo, que veía todo. ¿Conoces esa historia, no es así? Pero no todo paso como te imaginas... En esta relectura del clásico cuento de Caperucita Roja, son reveladas escenas inéditas del encuentro de la niña con el lobo. ¿Lo dudas? Entonces abre las páginas de este libro, pero con cuidado.
521 ## - NOTA DE AUDIENCIA
Nota de audiencia Recomendado para 7 a 12 años.
650 14 - ASIENTO SECUNDARIO DE MATERIA - TÉRMINO TEMÁTICO
Fuente del encabezado o término LEMB
Encabezamiento temático Cuentos infantiles brasileños
Subdivisión cronológica Siglo XXI
650 14 - ASIENTO SECUNDARIO DE MATERIA - TÉRMINO TEMÁTICO
Fuente del encabezado o término LEMB
Encabezamiento temático Literatura infantil brasileña
Subdivisión cronológica Siglo XXI
650 14 - ASIENTO SECUNDARIO DE MATERIA - TÉRMINO TEMÁTICO
Fuente del encabezado o término LEMB
Encabezamiento temático Sentidos en la literatura
700 1# - ASIENTO SECUNDARIO - NOMBRE PERSONAL
Nombre personal Matsushita, Raquel
Término de relación, rol en la obra ilustradora
942 ## - ENTRADA DE ELEMENTOS AGREGADOS (KOHA
Fuente de clasificación o esquema de estantería. Dewey Decimal Classification
Tipo de ítem Literatura Infantil
Existencias
Estado de pérdida Fuente del sistema de clasificación o colocación Estado de daño No disponible para préstamo Colección Biblioteca de origen Biblioteca actual Ubicación en estantería Signatura topográfica completa Ejemplar Código de barras Tipo de ítem Fecha de adquisición Fuente de adquisición Total de pagos Fecha de la última vez visto
  Dewey Decimal Classification     Infantil Sala de Patrimonio Bibliográfico y Documental - Biblioteca Departamental Sala de Patrimonio Bibliográfico y Documental - Biblioteca Departamental Área Infantil (i) Br869.3 F866p Ej.1 RIBPD16121 Literatura Infantil 01/05/2026 Dotación MinCultura y BNC   01/05/2026